|
|
|
|
| LEADER |
01268nam a22002657a 4500 |
| 001 |
33977 |
| 003 |
BD-DhAAL |
| 005 |
20181115210631.0 |
| 008 |
181108r20162009bg a|||| b||| 00| 0 ben d |
| 999 |
|
|
|c 40255
|d 40255
|
| 020 |
|
|
|a 9847009200229
|
| 040 |
|
|
|a BD-DhAAL
|
| 082 |
|
|
|a 954.9205092
|2 23
|
| 100 |
|
|
|a জয়েনউদদীন, খালেক বিন
|9 28798
|
| 245 |
|
|
|a বাংলাদেশের স্বাধীনতা ও বঙ্গবন্ধু /
|c খালেক বিন জয়েনউদদীন
|
| 260 |
|
|
|a ঢাকা :
|b বর্ণায়ন ;
|c ২০০৯ [দ্বিতীয় মুদ্রণ ২০১৬]
|
| 300 |
|
|
|a ১২৫ পৃষ্ঠা :
|b চিত্র ;
|c ২২ সে.মি.
|
| 504 |
|
|
|a বিবলিওগ্রাফী অন্তর্ভুক্ত
|
| 526 |
|
|
|a AAL
|
| 541 |
|
|
|a BoiBazar.com
|e 33977
|
| 600 |
|
|
|a Sheikh, Mujibur Rahman
|d 1920-1975
|9 22402
|
| 651 |
|
|
|a Bangladesh
|x Politics and government.
|y 1971
|9 22403
|
| 852 |
|
|
|a Ayesha Abed Library
|c Bangabandhu Corner
|
| 942 |
|
|
|2 ddc
|c BK
|
| 952 |
|
|
|0 0
|1 0
|2 ddc
|4 0
|6 954_920509200000000_JOY
|7 0
|9 64628
|a BRACUL
|b BRACUL
|c BNC
|d 2018-11-01
|e BoiBazar.com
|g 296.00
|l 0
|o 954.9205092 JOY
|p 3010033977
|r 2018-11-01
|t 1
|v 296.00
|w 2018-11-01
|y BK
|